01506nam a2200397 i 450000100060000000300080000600500170001400600190003100700150005000800410006502000180010602000280012403500220015204000310017405000210020508000210022608200150024710000270026224501020028926400390039130000410043033600290047133700330050033800430053350400290057658800830060559001620068865000370085065000190088765000390090665000380094565500270098379700180101085600630102899900170109136721FINmELB20241216221436.0m o u cr cn|||||||||240422s2023 sp ob 000 0 spa d z9788419407184 a9788419407191q(e-book) a(OCoLC)1431002190 aFINmELBbspaerdacFINmELB14aHM656bR788 2023 a316.4.063:006.9204a304.232231 aRosa, Hartmut,eautor.10aŁAceleremos la resonancia! :bpor una educación en la época del Antropoceno /cHartmut Rosa. 1aBarcelona :bNed ediciones,c2023. a1 recurso en línea (167 páginas) atextobtxt2rdamedia/spa acomputadorabc2rdamedia/spa arecurso en líneabcr2rdacarrier/spa aContiene bibliografía. aDescripción basada en metadatos suministrados por el editor y otras fuentes. aRecurso electrónico. Santa Fe, Arg.: elibro, 2024. Disponible vía World Wide Web. El acceso puede estar limitado para las bibliotecas afiliadas a elibro. 4aTiempoxAspectos sociológicos. 4aCambio social. 4aAlienación (Psicología social) 4aCivilización modernaySiglo 21. 4aLibros electrónicos.2 aelibro, Corp.40uhttps://elibro.net/ereader/politecnicointernacional/252982 c36721d36721